| 000 | 00563 a2200205 4500 | ||
|---|---|---|---|
| 999 |
_c200002026 _d29123 |
||
| 001 | 200002026 | ||
| 003 | TR-AnTOB | ||
| 005 | 20190408215836.0 | ||
| 008 | 161108s2009 tu 000 0 | ||
| 020 | _a9788855702126 | ||
| 040 |
_aTR-AnTOB _cTR-AnTOB |
||
| 041 | 0 | _aita | |
| 050 | _aPC1112 | ||
| 100 | 1 |
_aFrattegiani, M. Teresa _970692 |
|
| 245 | 0 | 0 |
_aArrivo in İtalia : _bCorso di lingua İtaliana per stıdenti stranieri di livello A1-A2 _cM.Teresa Frattegiani ; Rosella Baldelli. |
| 264 | 1 |
_b, _c2009. |
|
| 300 |
_a93 p.; _c25 cm. |
||
| 942 |
_cBK _2lcc |
||